[Event "Hong Kong-ch prel"]
[Site "Hong Kong"]
[Date "2017.03.06"]
[Round "8"]
[White "Ho, In Hei Henry"]
[Black "Tay, Dennis Zhiming"]
[Result "0-1"]
[WhiteElo "1753"]
[BlackElo "1638"]
[PlyCount "72"]
[EventDate "2017.01.09"]
[EventType "swiss"]
[EventRounds "11"]
[EventCountry "HKG"]
[SourceTitle "EXT 2018"]
[Source "ChessBase"]
[SourceDate "2017.10.13"]
[SourceVersion "1"]
[SourceVersionDate "2017.10.13"]
[SourceQuality "1"]

1. e4 e5 2. Nf3 Nc6 3. Bb5 a6 4. Ba4 Nf6 5. 0-0 b5 6. Bb3 Be7 7. Re1 0-0 8. c3 d6 9. h3 Na5 10. Bc2 c5 11. d4 cxd4 12. cxd4 Bb7 13. a4 b4 14. Bd2 d5 15. dxe5 Nxe4 16. Be3 Nc4 17. Bd4 f6 18. b3 Nxe5 19. Bxe4 dxe4 20. Nxe5 fxe5 21. Be3 Qxd1 22. Rxd1 Rfd8 23. Nd2 Rd3 24. Nc4 Rad8 25. Rdc1 Bd5 26. Rab1 Rc8 27. Nxe5 Rdc3 28. Rd1 Bxb3 29. Rd7 Bf8 30. a5 Bc2 31. Rb2 b3 32. Ra7 Ba3 33. Bc1 Bd3 34. Nxd3 exd3 35. Kh2 Rxc1 36. Rxb3 Bd6+ 0-1

[Event "Hong Kong-ch prel"]
[Site "Hong Kong"]
[Date "2017.02.27"]
[Round "7"]
[White "Tay, Dennis Zhiming"]
[Black "Cheng, Justin Hong Chen"]
[Result "1-0"]
[WhiteElo "1638"]
[BlackElo "1269"]
[PlyCount "51"]
[EventDate "2017.01.09"]
[EventType "swiss"]
[EventRounds "11"]
[EventCountry "HKG"]
[SourceTitle "EXT 2018"]
[Source "ChessBase"]
[SourceDate "2017.10.13"]
[SourceVersion "1"]
[SourceVersionDate "2017.10.13"]
[SourceQuality "1"]

1. f4 d5 2. Nf3 Nf6 3. b3 Bf5 4. Bb2 e6 5. e3 Be7 6. c4 0-0 7. Nc3 a6 8. cxd5 exd5 9. Be2 Qd6 10. 0-0 Nbd7 11. Nd4 Be6 12. f5 c5 13. Nc2 d4 14. fxe6 dxc3 15. exf7+ Rxf7 16. Bxc3 b5 17. Bf3 Re8 18. e4 Ne5 19. Ne3 b4 20. Nf5 Nxf3+ 21. Qxf3 Qd7 22. Bb2 Qxd2 23. Rf2 Qg5 24. e5 Ng4 25. Nxe7+ Rexe7 26. Qa8+ 1-0

[Event "Hong Kong op"]
[Site "Hong Kong"]
[Date "2016.11.21"]
[Round "7"]
[White "Tay, Dennis Zhiming"]
[Black "Cheng, Justin Hong Chen"]
[Result "1-0"]
[WhiteElo "1718"]
[BlackElo "1260"]
[PlyCount "85"]
[EventDate "2016.10.03"]
[EventType "swiss"]
[EventRounds "9"]
[EventCountry "HKG"]
[SourceTitle "EXT 2018"]
[Source "ChessBase"]
[SourceDate "2017.10.13"]
[SourceVersion "1"]
[SourceVersionDate "2017.10.13"]
[SourceQuality "1"]

1. d4 d5 2. e3 Nf6 3. f4 e6 4. Nf3 Be7 5. Be2 0-0 6. 0-0 b6 7. Ne5 Bb7 8. Nd2 Nbd7 9. c3 c5 10. Ndf3 Nxe5 11. Nxe5 Ne4 12. Bd3 f6 13. Ng4 f5 14. Bxe4 fxe4 15. Ne5 Bd6 16. Qg4 Bxe5 17. Qxe6+ Kh8 18. Qxe5 Qd7 19. Qh5 Qb5 20. a4 Qb3 21. a5 Qc2 22. Qd1 Qxd1 23. Rxd1 Rf6 24. b3 Raf8 25. Ba3 Rc8 26. axb6 axb6 27. dxc5 bxc5 28. Bb2 Rd6 29. Ra7 Ba8 30. c4 Rg8 31. Bxg7+ Rxg7 32. Rxa8+ Rg8 33. Rxg8+ Kxg8 34. Rxd5 Rxd5 35. cxd5 Kf7 36. f5 Kf6 37. g4 Ke5 38. Kf2 Kxd5 39. f6 Ke6 40. g5 h6 41. h4 h5 42. Kg3 Kf7 43. Kf4 1-0

[Event "Hong Kong op"]
[Site "Hong Kong"]
[Date "2016.10.31"]
[Round "5"]
[White "Tay, Dennis Zhiming"]
[Black "Chong, Chor Yuen"]
[Result "0-1"]
[WhiteElo "1718"]
[BlackElo "2015"]
[PlyCount "122"]
[EventDate "2016.10.03"]
[EventType "swiss"]
[EventRounds "9"]
[EventCountry "HKG"]
[SourceTitle "EXT 2018"]
[Source "ChessBase"]
[SourceDate "2017.10.13"]
[SourceVersion "1"]
[SourceVersionDate "2017.10.13"]
[SourceQuality "1"]

1. f4 Nf6 2. Nf3 c5 3. e3 Nc6 4. b3 e6 5. Bb2 Be7 6. Be2 0-0 7. 0-0 d5 8. Ne5 Qc7 9. Na3 a6 10. Nxc6 Qxc6 11. c4 b6 12. Rc1 Bb7 13. Bf3 Qd7 14. cxd5 exd5 15. Nc2 Rfe8 16. Be5 Qd8 17. b4 Nd7 18. bxc5 Nxe5 19. fxe5 bxc5 20. d4 Rc8 21. Bh5 Rf8 22. Qf3 g6 23. Bg4 Rc7 24. Rb1 Bg5 25. dxc5 Qe7 26. Qg3 Rxc5 27. Nd4 Rc3 28. Rf3 Bc8 29. Bxc8 Rfxc8 30. Rbf1 Rc1 31. e6 Rxf1+ 32. Rxf1 fxe6 33. Qe5 Bh6 34. g4 Re8 35. Kg2 Bg7 36. Qg3 e5 37. Nf3 e4 38. Nd2 Rc8 39. Rb1 Be5 40. Qf2 Rc2 41. a4 Qf7 42. Rf1 Qxf2+ 43. Rxf2 Rb2 44. Nf1 Rxf2+ 45. Kxf2 Kf7 46. h4 Ke6 47. Nd2 Bc3 48. Nb3 Kd6 49. Ke2 h5 50. gxh5 gxh5 51. Kf2 Ke5 52. Ke2 Kf5 53. Nc5 a5 54. Nd7 Kg4 55. Nb6 d4 56. Nd5 d3+ 57. Kf2 Be5 58. Ne7 Bg3+ 59. Kf1 Kf3 60. Nf5 d2 61. Nd4+ Kxe3 0-1